[Event "ch-ROU 2013"]
[Site "Baile Olanesti ROU"]
[Date "2013.02.19"]
[Round "5.9"]
[White "Horvat,Dan"]
[Black "Milu,R"]
[Result "0-1"]
[WhiteElo "2229"]
[BlackElo "2392"]

1.e4 c5 2.Nf3 d6 3.d4 cxd4 4.Nxd4 Nf6 5.Nc3 a6 6.Be3 e6 7.Be2 Qc7 8.O-O b5
9.a3 Bb7 10.Bd3 Nbd7 11.f4 Nc5 12.Qf3 g6 13.Rac1 Bg7 14.b4 Ncd7 15.Nd1 Rc8
16.c4 bxc4 17.Rxc4 Qb8 18.Rxc8+ Qxc8 19.Qh3 O-O 20.Nf2 e5 21.Rc1 Qe8 22.Nf3 d5
23.fxe5 Nxe5 24.Nxe5 Qxe5 25.exd5 Nxd5 26.Ng4 Qb2 27.Bg5 Qd4+ 28.Kh1 h5 29.Nh6+ Kh7
30.Nf5 Qe5 31.Nxg7 Qxg5 32.Qxh5+ Qh6 33.Bxg6+ fxg6 34.Qxh6+ Kxh6 35.Ne6 Rf2
36.Nc5 Ba8 37.Kg1 Ra2 38.Re1 Nf4 39.Nxa6 Bxg2 40.h4 Bb7  0-1

[Event "ch-ROU 2013"]
[Site "Baile Olanesti ROU"]
[Date "2013.02.19"]
[Round "5.42"]
[White "Miulescu,G"]
[Black "Banzea,Alexandru-Bogdan"]
[Result "1-0"]
[WhiteElo "2161"]
[BlackElo "1808"]

1.e4 c5 2.Nf3 d6 3.d4 cxd4 4.Nxd4 Nf6 5.Nc3 a6 6.Be3 e5 7.Nf3 h6 8.h3 Be7
9.Bc4 O-O 10.a4 Be6 11.Bd5 Nc6 12.O-O Qa5 13.Qd2 Nb4 14.Rfd1 Rfd8 15.Na2 Nc6
16.Qxa5 Nxa5 17.Bb6 Nc4 18.Bxd8 Rxd8 19.b3 Bxd5 20.exd5 Nb6 21.c4  1-0

[Event "VI Karkonosze Open A"]
[Site "Karpacz POL"]
[Date "2013.02.19"]
[Round "4.4"]
[White "Kucza,Karol"]
[Black "Sliwerski,R"]
[Result "0-1"]
[WhiteElo "1860"]
[BlackElo "2097"]

1.e4 c5 2.Nf3 d6 3.d4 cxd4 4.Nxd4 Nf6 5.Nc3 a6 6.Be3 e5 7.Nb3 Be6 8.f3 Nbd7
9.Qd2 Be7 10.O-O-O b5 11.g4 h6 12.Nd5 Bxd5 13.exd5 Nb6 14.Bxb6 Qxb6 15.Na5 Nxg4
16.Qg2 Bg5+ 17.Rd2 Qxa5 18.Kb1  0-1

[Event "ch-CHI Final 2013"]
[Site "Iquique CHI"]
[Date "2013.02.20"]
[Round "8.3"]
[White "Lopez Silva,H"]
[Black "Henriquez Villagra,C"]
[Result "1-0"]
[WhiteElo "2403"]
[BlackElo "2306"]

1.e4 c5 2.Nf3 d6 3.d4 cxd4 4.Nxd4 Nf6 5.Nc3 a6 6.Be3 e5 7.Nb3 Be6 8.f3 h5
9.a4 Nbd7 10.a5 Rc8 11.Be2 Qc7 12.O-O Be7 13.Qd2 O-O 14.Kh1 Rfd8 15.Nc1 h4
16.Rd1 h3 17.g4 d5 18.Nxd5 Bxd5 19.exd5 Qxc2 20.g5 Nh7 21.Qxc2 Rxc2 22.g6 fxg6
23.Bd3 Rxb2 24.d6 Bg5 25.Bg1 Nhf6 26.Bxg6 Rc8 27.Nd3 Rb5 28.Bf5 Rc6 29.Nf2 Rb2
30.Ne4 Nxe4 31.Bxd7 Rxd6 32.fxe4 Bd2 33.Bxh3 Rc6 34.Bd7 Rh6 35.Rab1 Rxb1
36.Rxb1 Bxa5 37.Rxb7 Rf6 38.Bc5 Bc3 39.Rb8+ Kh7 40.Bf5+ g6 41.Rb7+ Kh8 42.Be7  1-0

[Event "24th Metropolitan GM"]
[Site "Los Angeles USA"]
[Date "2013.02.20"]
[Round "1"]
[White "Sevian,Samuel"]
[Black "Sharma,Arun1"]
[Result "0-1"]
[WhiteElo "2373"]
[BlackElo "2371"]

1.e4 c5 2.Nf3 d6 3.d4 cxd4 4.Nxd4 Nf6 5.Nc3 a6 6.Be3 e5 7.Nb3 Be6 8.Qd2 Nbd7
9.f4 Rc8 10.O-O-O b5 11.f5 Bc4 12.Kb1 Qc7 13.Bd3 Be7 14.g4 b4 15.Nd5 Nxd5
16.exd5 Bxd5 17.Rhf1 Bc4 18.g5 d5 19.f6 gxf6 20.gxf6 Nxf6 21.Qf2 d4 22.Bxd4 exd4
23.Rde1 Bxd3 24.cxd3 Kf8 25.Nxd4 Rg8 26.Nf5 Bd8 27.Qd2 Rg6 28.Rg1 Qd7 29.Qxb4+ Kg8
30.Nh6+ Kg7 31.Qf4 Rc5 32.h3 Qxd3+ 33.Ka1 Bc7 34.Qf2 Qc2 35.Qxc2 Rxc2 36.Nf5+ Kf8
37.Rgf1 Ne8 38.Nd4 Rd2 39.Ne6+ Kg8 40.Nc5 Nf6 41.Nxa6 Bd6 42.a3 Kg7 43.Rd1 Rxd1+
44.Rxd1 Ne4 45.Rd5 Rg5  0-1

[Event "Moscow Gov Cup A Rapid"]
[Site "Moscow RUS"]
[Date "2013.02.20"]
[Round "10.7"]
[White "Panchenko,D"]
[Black "Mischuk,D"]
[Result "1-0"]
[WhiteElo "2364"]
[BlackElo "2330"]

1.e4 c5 2.Nf3 d6 3.d4 cxd4 4.Nxd4 Nf6 5.Nc3 a6 6.Be3 Ng4 7.Bc1 Nc6 8.Nb3 Nf6
9.f3 e6 10.Be3 Be7 11.Qd2 O-O 12.O-O-O b5 13.g4 Bb7 14.g5 Nd7 15.Kb1 Nb6
16.Qg2 b4 17.Ne2 a5 18.h4 Qc7 19.h5 a4 20.Nbd4 Nxd4 21.Nxd4 Nc4 22.Bc1 b3
23.cxb3 axb3 24.Nxb3 Rfc8 25.g6 Bf6 26.gxf7+ Qxf7 27.Bxc4 Rxc4 28.Rxd6 Rac8
29.h6 Rc2 30.Rd2 Rxd2 31.Bxd2 g6 32.Rc1 Ra8 33.Bc3 Ba6 34.Nc5 Bc4 35.b3 Be7
36.Ba1  1-0

[Event "ch-ROU 2013"]
[Site "Baile Olanesti ROU"]
[Date "2013.02.21"]
[Round "7.25"]
[White "Miulescu,G"]
[Black "Pisu,R"]
[Result "0-1"]
[WhiteElo "2161"]
[BlackElo "2031"]

1.e4 c5 2.Nf3 d6 3.d4 cxd4 4.Nxd4 Nf6 5.Nc3 a6 6.Be3 e5 7.Nb3 Be6 8.f3 Be7
9.Qd2 Nbd7 10.O-O-O b5 11.Kb1 b4 12.Na4 Rb8 13.g4 Qc7 14.Nc1 Qc6 15.b3 Nc5
16.Nxc5 dxc5 17.Nd3 Nd7 18.Nb2 Nb6 19.Qe2 O-O 20.Qxa6 Ra8 21.Qb5 Qc7 22.Bc4 Nxc4  0-1

[Event "3rd Petropolis Open"]
[Site "Petropolis BRA"]
[Date "2013.02.22"]
[Round "2.1"]
[White "Barbosa,Ev"]
[Black "Zimmermann,Kleber Renato P."]
[Result "1-0"]
[WhiteElo "2422"]
[BlackElo "1981"]

1.e4 c5 2.Nf3 d6 3.d4 cxd4 4.Nxd4 Nf6 5.Nc3 a6 6.Be3 e5 7.Nf3 Be6 8.Ng5 Qc7
9.Nxe6 fxe6 10.Qf3 d5 11.exd5 Bb4 12.Bd2 exd5 13.O-O-O Bxc3 14.Bxc3 Nc6 15.Qf5 O-O
16.Bd3 Kh8 17.f3 d4 18.Bd2 Rac8 19.Kb1 Qe7 20.Rhe1 g6 21.Qh3 Qf7 22.a3 Nd5
23.g3 Rc7 24.f4 Qe7 25.Qh6 Rfc8 26.fxe5 Nc3+ 27.bxc3 Qxa3 28.Bc1 Qa4 29.Qf4  1-0

[Event "ch-ROU w 2013"]
[Site "Baile Olanesti ROU"]
[Date "2013.02.23"]
[Round "8.12"]
[White "Olea,L"]
[Black "Cosman,A"]
[Result "0-1"]
[WhiteElo "1926"]
[BlackElo "1944"]

1.e4 c5 2.Nf3 d6 3.d4 cxd4 4.Nxd4 Nf6 5.Nc3 a6 6.Be3 Ng4 7.Bg5 h6 8.Bh4 g5
9.Bg3 Bg7 10.Be2 h5 11.h4 gxh4 12.Rxh4 Nc6 13.Nxc6 bxc6 14.Bxg4 Bxg4 15.f3 Be6
16.Bf2 Qa5 17.Qd2 Bf6 18.Rh2 Rb8 19.Bd4 Rxb2 20.Bxf6 exf6 21.O-O-O Rxa2 22.Qxd6 Ra1+
23.Nb1 Qb6 24.Kd2 Rxb1 25.Rxb1 Qxb1 26.Qxc6+ Kf8 27.Qd6+ Ke8 28.Qc6+ Ke7
29.Qc5+ Kd7 30.Qa7+ Kc6 31.Qxa6+ Qb6 32.Qxb6+ Kxb6 33.Rh4 Rg8 34.Rh2 Kc6
35.Ke3 Kd6 36.Kf4 h4 37.Ke3 Kc5 38.Kd3 Rg3 39.Rxh4 Rxg2 40.Rh6 Rg6 41.Rh5+ Rg5
42.Rh6 f5 43.Rh2 Rg3 44.exf5 Rxf3+  0-1

[Event "ch-ROU 2013"]
[Site "Baile Olanesti ROU"]
[Date "2013.02.23"]
[Round "10.4"]
[White "Berescu,A"]
[Black "Gheorghiu,C"]
[Result "1/2-1/2"]
[WhiteElo "2495"]
[BlackElo "2029"]

1.e4 c5 2.Nf3 d6 3.d4 cxd4 4.Nxd4 Nf6 5.Nc3 a6 6.Be3 e5 7.Nb3 Be6 8.h3 h5
9.Be2 Be7 10.O-O Qc7 11.a4 Nbd7 12.a5 Nc5 13.Nxc5 dxc5 14.f4 c4 15.f5 Bc5
16.Bf2 Bd7 17.Nd5 Nxd5 18.Qxd5 Bxf2+ 19.Rxf2 Bb5 20.Qd2 f6 21.b4 h4 22.c3 Rd8
23.Qe3 Ke7 24.Rff1 Rd6 25.Rfd1 Rxd1+ 26.Rxd1 Rd8 27.Rxd8 Qxd8 28.Qc5+ Ke8
29.Bh5+ Kd7 30.Kf2 Bc6 31.Qxc4 Kc7 32.Ke3 Qh8 33.Qf7+ Kb8 34.Qg6 Qg8 35.Qf7 Qh8
36.Bf3 Qh6+ 37.Ke2 Qc1 38.Qf8+ Ka7 39.Qc5+ Ka8 40.Qf8+ Ka7 41.Qc5+ Ka8 42.Qf8+ Ka7
43.Qc5+ Ka8  1/2-1/2

[Event "21st Fajr Open"]
[Site "Mashhad IRI"]
[Date "2013.02.24"]
[Round "7.2"]
[White "Ahmadinia,E"]
[Black "Grabliauskas,V"]
[Result "0-1"]
[WhiteElo "2361"]
[BlackElo "2332"]

1.e4 c5 2.Nf3 d6 3.d4 cxd4 4.Nxd4 Nf6 5.Nc3 a6 6.Be3 e6 7.f3 b5 8.Qd2 Nbd7
9.g4 h6 10.O-O-O Bb7 11.a3 Rc8 12.h4 d5 13.exd5 Nxd5 14.Nxd5 Bxd5 15.Be2 h5
16.gxh5 Rxh5 17.Kb1 Rxh4 18.Rxh4 Qxh4 19.a4 bxa4 20.Bxa6 Rb8 21.Nb5 Bb4 22.Bg5 Bxd2
23.Bxh4 Bf4 24.Nc3 Bxf3 25.Rf1 Ne5 26.Be2 Bd2 27.Bxf3 Bxc3 28.b3 axb3 29.cxb3 Nxf3
30.Rxf3 Rxb3+ 31.Kc2 Rb4  0-1

[Event "Zagreb Open A 2013"]
[Site "Zagreb CRO"]
[Date "2013.02.26"]
[Round "2.8"]
[White "Jelecevic,I"]
[Black "Martinovic,Sa"]
[Result "0-1"]
[WhiteElo "2165"]
[BlackElo "2538"]

1.e4 c5 2.Nf3 d6 3.d4 cxd4 4.Nxd4 Nf6 5.Nc3 a6 6.Be3 e5 7.Nf3 Qc7 8.Be2 Be7
9.O-O O-O 10.h3 b5 11.a4 b4 12.Nd5 Nxd5 13.Qxd5 Bb7 14.Qd3 Nd7 15.c3 bxc3
16.Rac1 Qc6 17.Rxc3 Qxa4 18.Rc4 Qa5 19.b4 Qd8 20.Rfc1 Nf6 21.Qb1 Qb8 22.Bg5 h6
23.Bh4 d5 24.Rc7 Bd8 25.Rxb7 Qxb7 26.exd5 Nxd5 27.Qe4 Bxh4 28.Nxh4 Qxb4 29.Bc4 Qd2
30.Rc2 Qd1+ 31.Kh2 Rad8 32.Be2 Qd4  0-1

[Event "ch-LTU SF 2013"]
[Site "Vilnius LTU"]
[Date "2013.02.28"]
[Round "7.9"]
[White "Valantiejus,Vaidotas"]
[Black "Vasylius,K"]
[Result "1-0"]
[WhiteElo "1978"]
[BlackElo "2107"]

1.e4 c5 2.Nf3 d6 3.d4 cxd4 4.Nxd4 Nf6 5.Nc3 a6 6.Be3 Ng4 7.Bg5 h6 8.Bh4 g5
9.Bg3 Bg7 10.h3 Ne5 11.Nf5 Bxf5 12.exf5 Nbc6 13.Nd5 Qa5+ 14.Qd2 Qxd2+ 15.Kxd2 O-O-O
16.c3 e6 17.fxe6 fxe6 18.Ne3 Ng6 19.Rd1 Nf4 20.Bh2 Rhf8 21.Kc1 d5 22.Nc2 h5
23.g3 Ng6 24.Be2 Rxf2 25.Bxh5 Nge5 26.Bg1 Rf5 27.Nd4 Rf6 28.Nxc6 Nxc6 29.Bb6 Rh8
30.Be2 Kd7 31.Bg4 Kd6 32.c4 Ne5 33.Be2 Rc8 34.b3 Rf7 35.Kb1 Nc6 36.Be3 Bf6
37.cxd5 exd5 38.Rhf1 Rcc7 39.Bh5 Rf8 40.Bxg5 Bg7 41.Rxf8 Bxf8 42.Bf3 Rf7
43.Bf4+ Kc5 44.Rxd5+ Kb6 45.h4 Ba3 46.h5 Nb4 47.Rd1 a5 48.h6 Re7 49.Rh1 Nd3
50.h7 Bb2 51.h8=Q Bxh8 52.Rxh8 Re1+ 53.Kc2 Nxf4 54.gxf4 Rf1 55.Rh3 Rf2+ 56.Kc3 Rxa2
57.f5 a4 58.bxa4 Rxa4 59.Bd5 Rf4 60.Rf3 Ra4  1-0

[Event "TCh-SVK Extraliga 2012-13"]
[Site "Slovakia SVK"]
[Date "2013.03.01"]
[Round "9.3"]
[White "Kalisky,V"]
[Black "Hausner,I"]
[Result "0-1"]
[WhiteElo "2246"]
[BlackElo "2407"]

1.e4 c5 2.Nf3 d6 3.d4 cxd4 4.Nxd4 Nf6 5.Nc3 a6 6.Be3 Ng4 7.Bg5 h6 8.Bh4 g5
9.Bg3 Bg7 10.Qd2 Nc6 11.Nb3 a5 12.Bb5 Bd7 13.f3 Nge5 14.Bf2 a4 15.Nxa4 Rxa4
16.Bxa4 Nc4 17.Qe2 Nxb2 18.Bb5 Bc3+ 19.Kf1 Ne5 20.a4 Qc8 21.Rb1 Nxa4 22.Nd4 Bxd4
23.Bxd4 Nc3 24.Bxd7+ Kxd7 25.Bxc3 Qxc3 26.Qb5+ Ke6 27.Qb3+ Qxb3 28.Rxb3 Rc8
29.c3 Ra8 30.Kf2 Ra2+ 31.Kg3 h5 32.h4 g4 33.Rhb1 gxf3 34.gxf3 Rd2 35.R1b2 Rd3
36.c4 Rd1 37.c5 dxc5 38.Rb6+ Rd6 39.Rxb7 c4 40.Rc7 Kf6 41.Rb5 Rd3 42.Rxe5 Kxe5
43.Rxc4 Kf6 44.Rc5 Kg6 45.Rg5+ Kh6 46.Rg8 Kh7 47.Re8 e6 48.Kf4 Kg7 49.Re7 Ra3
50.Rb7 Ra5 51.Rb1 Kf6 52.Rg1 e5+ 53.Ke3 Ra3+ 54.Ke2 Ra2+ 55.Ke3 Rh2 56.Rg8 Rxh4
57.Kf2 Rh1 58.Kg2 Ra1 59.Kg3 Rg1+  0-1

[Event "TCh-SVK Extraliga 2012-13"]
[Site "Slovakia SVK"]
[Date "2013.03.01"]
[Round "9.6"]
[White "Nayhebaver,Martin"]
[Black "Csolto,T jr"]
[Result "1-0"]
[WhiteElo "2144"]
[BlackElo "2205"]

1.e4 c5 2.Nf3 d6 3.d4 cxd4 4.Nxd4 Nf6 5.Nc3 a6 6.Be3 e6 7.f3 Be7 8.Qd2 Nc6
9.O-O-O O-O 10.g4 Nxd4 11.Bxd4 Nd7 12.h4 b5 13.g5 Qa5 14.Kb1 b4 15.Ne2 e5
16.Be3 Nc5 17.Nc1 Be6 18.h5 Rfd8 19.Bh3 d5 20.Bxe6 fxe6 21.exd5 exd5 22.g6 d4
23.Bg5 Bxg5 24.gxh7+ Kh8 25.Qxg5 d3 26.Nxd3 Nxd3 27.cxd3 b3 28.axb3 Rd6 29.h6 Ra7
30.Qxg7+  1-0

[Event "TCh-CAT Div Hon 2013"]
[Site "Catalonia ESP"]
[Date "2013.03.02"]
[Round "7.3"]
[White "Lopez Martinez,Josep"]
[Black "Dominguez Pons,E"]
[Result "1-0"]
[WhiteElo "2499"]
[BlackElo "2302"]

1.e4 c5 2.Nf3 d6 3.d4 cxd4 4.Nxd4 Nf6 5.Nc3 a6 6.Be3 e5 7.Nb3 Be6 8.f3 Nbd7
9.g4 Nb6 10.g5 Nh5 11.Qd2 Rc8 12.O-O-O Be7 13.Rg1 O-O 14.Kb1 Nc4 15.Bxc4 Bxc4
16.h4 b5 17.Nd5 Bxd5 18.exd5 f6 19.g6 f5 20.gxh7+ Kh8 21.Bg5 Bxg5 22.Rxg5 Nf4
23.Nd4 Qd7 24.Rdg1 Rf7 25.R1g3 Rc5 26.Ne6 Rxd5 27.Nxf4 Rxd2 28.Ng6+  1-0

[Event "TCh-SVK Extraliga 2012-13"]
[Site "Slovakia SVK"]
[Date "2013.03.02"]
[Round "10.5"]
[White "Cisko,Matej"]
[Black "Csiba,D"]
[Result "0-1"]
[WhiteElo "1901"]
[BlackElo "2376"]

1.e4 c5 2.Nc3 d6 3.Nf3 Nf6 4.d4 cxd4 5.Nxd4 a6 6.Be3 e5 7.Nb3 Be6 8.f3 Be7
9.Qd2 O-O 10.O-O-O a5 11.Na4 Nbd7 12.g4 Qc7 13.Bb5 Bc4 14.Qc3 Rfc8 15.Qxc4 Qxc4
16.Bxc4 Rxc4 17.Nc3 a4 18.Nd2 Rc6 19.g5 Ne8 20.Nd5 Bd8 21.f4 exf4 22.Bxf4 Nc5
23.Kb1 Ne6 24.Nf3 Rac8 25.Rd2 Rc4 26.Re2 b5 27.Bc1 Rb8 28.b3 Rc6 29.h4 N8c7
30.Rd1 Na6 31.e5 Kf8 32.Nf4 axb3 33.cxb3 Rxc1+ 34.Kxc1 Nxf4 35.Red2 d5 36.Kb2 Bb6
37.Rf1 Nc5 38.Ne1 Nce6 39.Nc2 Ba5 40.Rdd1 Bc7 41.Rfe1 Ng2 42.Rg1 Bxe5+ 43.Kb1 Ngf4
44.Nb4 Ne2 45.Nc6 Nxg1 46.Nxb8 Bxb8 47.Rxg1 b4 48.Kc2 Ke7 49.Rg4 Nf4 50.Kd2 d4
51.Rg1 Nd5 52.Kd3 Bf4 53.Rg4 Be3 54.h5 Nc3 55.g6 hxg6 56.hxg6 f5 57.Rg2 f4
58.Rg5 Kf6  0-1

[Event "TCh-HUN 2012-13"]
[Site "Dunaharaszti HUN"]
[Date "2013.03.03"]
[Round "8"]
[White "Soos,A"]
[Black "Lorand,N"]
[Result "1/2-1/2"]
[WhiteElo "2384"]
[BlackElo "2320"]

1.e4 c5 2.Nf3 d6 3.d4 cxd4 4.Nxd4 Nf6 5.Nc3 a6 6.Be3 e5 7.Nb3 Be6 8.Qd2 Be7
9.f3 Nbd7 10.O-O-O O-O 11.g4 b5 12.Qf2 Bxg4 13.fxg4 Nxg4 14.Qg3 Nxe3 15.Rg1 Bg5
16.Qxg5 Qxg5 17.Rxg5 Nxd1 18.Kxd1 Nf6 19.Na5 Rac8 20.Rg3 b4 21.Nd5 Nxd5 22.exd5 Rc5
23.Nc6 Rxd5+ 24.Kc1 Rc5 25.Nxb4 a5 26.Na6 Rcc8 27.Rd3 Rc6 28.Rd5 f5 29.Rxa5 g5
30.Nb4 Rc7 31.Nd5 Rg7 32.b4 h5 33.b5 f4 34.b6 g4 35.Rb5 h4 36.Rb3 f3 37.b7 Rb8
38.Nf6+ Kf8 39.h3 Rbxb7 40.Nxg4 e4 41.Kd2 d5 42.c3 Ra7 43.a3 Rgb7 44.Bb5 Ke7
45.Ke3 Kd6 46.Kd4 Ra8 47.a4 Rc7 48.Rb4 Rb7 49.c4 dxc4 50.Rxc4 Rc7 51.Rxc7 Kxc7
52.Kxe4 Rf8 53.a5 Rb8 54.Bd3 Rf8 55.Ke3 Kd6 56.a6 Kc5 57.Be4 Kb6 58.Bb7 Rf7
59.Kf2 Rc7 60.Kxf3 Rc3+ 61.Ne3 Ka7 62.Kf4 Ra3 63.Ke4 Ra4+ 64.Ke5 Ra3 65.Kd4 Kb8
66.Ke4 Ra4+ 67.Kf5 Ra3 68.Kf4 Ra4+ 69.Be4 Rxa6 70.Nf5 Ra3 71.Bf3 Kc7 72.Bg4 Kd8
73.Nxh4 Ke7 74.Kg5 Kf7 75.Ng2 Kg7 76.h4 Ra5+ 77.Bf5 Ra1 78.Nf4 Rg1+ 79.Bg4 Ra1
80.h5 Ra6 81.Be6 Ra5+ 82.Bf5 Ra6 83.Ng6 Rb6 84.h6+ Kf7 85.Ne5+ Kg8 86.Bd3 Rb2
87.Bc4+ Kh7 88.Bd3+ Kg8  1/2-1/2

[Event "Zagreb Open A 2013"]
[Site "Zagreb CRO"]
[Date "2013.03.04"]
[Round "9.16"]
[White "Djurovic,G"]
[Black "Bozinovic,Bog"]
[Result "0-1"]
[WhiteElo "2406"]
[BlackElo "2186"]

1.e4 c5 2.Nf3 d6 3.d4 Nf6 4.Nc3 cxd4 5.Nxd4 a6 6.Be3 Ng4 7.Bg5 h6 8.Bh4 g5
9.Bg3 Bg7 10.Be2 Qb6 11.Bxg4 Bxd4 12.Bxc8 Nc6 13.Qg4 O-O 14.O-O-O Raxc8 15.h4 Nb4
16.Rxd4 Qxd4 17.hxg5 Qg7 18.a3 Rxc3 19.bxc3 Na2+ 20.Kb2 Nxc3 21.e5 Nb5 22.Rxh6 dxe5
23.Qf5 Nd6 24.Qd3 Rc8 25.c3 e4 26.Qd4 Qxd4 27.cxd4 Nf5 28.Rh3 Nxg3 29.Rxg3 Rc4
30.Rb3 b5 31.Rb4 Rxb4+ 32.axb4 Kg7 33.Kc3 Kg6 34.d5 Kxg5 35.Kd4 Kf4 36.g3+ Kf3
37.g4 f6 38.g5 fxg5 39.Ke5 g4 40.Ke6 Kxf2  0-1

[Event "5th Batavia GM 2013"]
[Site "Amsterdam NED"]
[Date "2013.03.06"]
[Round "6.5"]
[White "Kuipers,S"]
[Black "Riemersma,L"]
[Result "1-0"]
[WhiteElo "2431"]
[BlackElo "2426"]

1.e4 c5 2.Nf3 d6 3.d4 cxd4 4.Nxd4 Nf6 5.Nc3 a6 6.Be3 e6 7.g4 e5 8.Nf5 g6
9.Bg2 gxf5 10.exf5 Rg8 11.h3 Nc6 12.Qe2 Bd7 13.O-O-O Qa5 14.f4 O-O-O 15.Qf2 Nd4
16.Bxd4 exd4 17.Qxd4 Bg7 18.Qa7 d5 19.Nxd5 Nxd5 20.Rxd5 Bxb2+ 21.Kb1 Qb4
22.Qc5+ Qxc5 23.Rxc5+ Kb8 24.Kxb2 Bc8 25.Rd5 Rde8 26.Rhd1 Re3 27.Rd8 Rxd8
28.Rxd8 Rg3 29.Bd5 Kc7 30.Rh8 Rxh3 31.Bxf7 Bd7  1-0

[Event "Jersey Masters 2013"]
[Site "St Clement Bay JCI"]
[Date "2013.03.08"]
[Round "4"]
[White "Clark,IC"]
[Black "Henbest,Kevin B"]
[Result "1-0"]
[WhiteElo "2046"]
[BlackElo "1729"]

1.e4 c5 2.Nf3 d6 3.d4 cxd4 4.Nxd4 Nf6 5.Nc3 a6 6.Be3 e5 7.Nb3 Be6 8.Be2 Nbd7
9.O-O b5 10.a3 Nb6 11.Qd2 Rc8 12.h3 Nc4 13.Bxc4 Rxc4 14.Rfd1 Nxe4 15.Nxe4 Rxe4
16.Nc5 Rxe3 17.Nxe6 fxe6 18.Qxe3 Be7 19.Qf3 Qc8 20.Rd2 d5 21.Qh5+ Kd7 22.Qxe5 Bf6
23.Qe3 Bxb2 24.Re1 Re8 25.Rd3 Bf6 26.Qa7+ Kd8 27.Qb6+ Kd7 28.Re2 h6 29.Rde3 Bd8
30.Qa7+ Bc7 31.Qd4 Re7 32.Qg4 Kd6 33.a4 Bb6 34.Rb3 Qc6 35.axb5 axb5 36.Qf3 Kd7
37.Qd3 Qc4 38.Rxb5 Qxd3 39.cxd3 Kc6 40.Rb3 Bd4 41.Rc2+ Kd6 42.Ra3 Ke5 43.Ra4 Ba7
44.d4+ Kf5 45.Re2 g5 46.g4+ Kf6 47.Re3 Bb8 48.Ra6 Ba7 49.Rexe6+ Rxe6 50.Rxa7 Re4
51.Ra6+ Kg7 52.Ra4 Kg6 53.Kg2 Rf4 54.Kg3 Kg7 55.f3 Kg6 56.Kf2 Rf6 57.Ra5 Rd6
58.Kg3 Kf6 59.Ra8 Kg7 60.Re8 Kf7 61.Re5 Kf6 62.h4 Kg6 63.h5+ Kf6 64.f4 gxf4+
65.Kxf4 Rd8 66.g5+ hxg5+ 67.Rxg5 Kf7 68.Ke5 Ra8 69.Rf5+ Kg7 70.Kxd5 Kh6 71.Kc6 Rd8
72.d5 Rc8+ 73.Kd7 Rc5 74.Ke6 Ra5 75.d6 Ra6 76.Ke7  1-0

[Event "47th Begonia Open"]
[Site "Ballarat AUS"]
[Date "2013.03.10"]
[Round "5"]
[White "Tan,Ju2"]
[Black "Booth,Stew"]
[Result "1/2-1/2"]
[WhiteElo "2269"]
[BlackElo "2118"]

1.e4 c5 2.Nf3 d6 3.d4 cxd4 4.Nxd4 Nf6 5.Nc3 a6 6.Be3 e5 7.Nb3 Be6 8.f4 Qc7
9.f5 Bd7 10.Bg5 Bc6 11.Bxf6 gxf6 12.Qh5 b5 13.a3 Nd7 14.O-O-O Rc8 15.Bd3 Nc5
16.Kb1 Qb6 17.Qh4 Bg7 18.Be2 b4 19.axb4 Qxb4 20.Qg3 Bh6 21.Nxc5 dxc5 22.Qd3 O-O
23.Qc4  1/2-1/2

[Event "47th Begonia Open"]
[Site "Ballarat AUS"]
[Date "2013.03.10"]
[Round "5"]
[White "McClymont,Brodie"]
[Black "Stojic,D"]
[Result "1-0"]
[WhiteElo "2211"]
[BlackElo "2228"]

1.e4 c5 2.Nf3 d6 3.d4 Nf6 4.Nc3 cxd4 5.Nxd4 a6 6.Be3 e5 7.Nb3 Be6 8.f3 Be7
9.Qd2 O-O 10.O-O-O a5 11.a4 Nc6 12.g4 Nb4 13.g5 Nh5 14.Kb1 Rc8 15.Rg1 d5
16.exd5 Bf5 17.Na1 Bc5 18.d6 Qb6 19.Bxc5 Rxc5 20.Bb5 Nf4 21.d7 Rd8 22.Rge1 Ne6
23.Qe3 Nc7 24.Rd2 Nxb5 25.axb5 Qc7 26.b6 Qxb6 27.Na4 Qe6 28.b3 Rd5 29.Rxd5 Qxd5
30.Qxe5 Qxe5 31.Rxe5 Bxd7 32.Rxa5 Bc6 33.f4 g6 34.f5 gxf5 35.Rxf5 Rd2 36.h4 Rd4
37.h5 Kg7 38.Rf6 Nd5 39.h6+ Kf8 40.Rf5 Ke7 41.Nc5 Rf4 42.Re5+ Kd6 43.Nd3 Rf1+
44.Kb2 Nf4 45.Re3 Nxd3+ 46.Rxd3+ Ke5 47.Rd8 Be4 48.b4 Rf2 49.Rf8 Rf5 50.Nb3 Rf2
51.Nc5 Bxc2 52.Kc3 b5 53.Rb8 Bg6 54.Nd3+ Bxd3 55.Kxd3 Rf3+ 56.Ke2 Rb3 57.Rxb5+ Ke6
58.Kd2 f5 59.Rb7 Rg3 60.Rxh7 Rxg5 61.Rg7 Rh5 62.h7 Kd5 63.Ke3 Kc4 64.Rb7 Rh4
65.Kf3 f4 66.Rf7 Kb5 67.Rb7+ Kc6 68.Re7 Kb5 69.Ke4 f3+ 70.Kxf3 Rh1 71.Kg2 Rh6
72.Kg3 Kxb4 73.Re4+ Kc5 74.Rh4 Rg6+ 75.Kh3  1-0

[Event "UTD Turner GM Invitational 2013"]
[Site "Richardson USA"]
[Date "2013.03.11"]
[Round "6"]
[White "Zherebukh,Y"]
[Black "Troff,Kayden W"]
[Result "0-1"]
[WhiteElo "2623"]
[BlackElo "2407"]

1.e4 c5 2.Nf3 d6 3.d4 cxd4 4.Nxd4 Nf6 5.Nc3 a6 6.Be3 e5 7.Nb3 Be6 8.f3 Be7
9.Qd2 O-O 10.O-O-O Nbd7 11.g4 b5 12.g5 b4 13.Ne2 Ne8 14.f4 a5 15.f5 Bxb3
16.cxb3 a4 17.Ng3 axb3 18.axb3 d5 19.f6 Bc5 20.fxg7 Nxg7 21.exd5 Qb6 22.Bxc5 Nxc5
23.Qe3 Ra2 24.Re1 Rc8 25.Kb1 Qg6+ 26.Ne4 Nf5 27.Nf6+ Kh8 28.Bd3 Nxd3 29.Qxd3 Rca8
30.Rxe5 Ra1+ 31.Kc2 Rc8+ 32.Kd2 Qxg5+  0-1

[Event "3rd HD Bank Cup 2013"]
[Site "Ho Chi Minh City VIE"]
[Date "2013.03.20"]
[Round "3.22"]
[White "Chu Wei Chao"]
[Black "Lu Yijie"]
[Result "1/2-1/2"]
[WhiteElo "2243"]
[BlackElo "2400"]

1.e4 c5 2.Nf3 d6 3.d4 cxd4 4.Nxd4 Nf6 5.Nc3 a6 6.Be3 e6 7.Be2 Qc7 8.O-O b5
9.f4 Bb7 10.Bf3 Nbd7 11.a3 Nc5 12.e5 dxe5 13.Bxb7 Nxb7 14.fxe5 Qxe5 15.Qf3 Bc5
16.Qc6+ Nd7 17.Kh1 O-O 18.Qxd7 Qxe3 19.Nb3 Rab8 20.Rae1 Qh6 21.Nxc5 Nxc5
22.Qd6 Na4 23.Nxa4 bxa4 24.Rb1 Rfc8 25.c4 Qh5 26.Qxa6 Qe2 27.Rbc1 h6 28.h3 Rc7
29.Rfe1 Qd3 30.Qxa4 Rxb2 31.c5 Qd5 32.Rg1 Rc6 33.Qa8+ Kh7 34.Qe8 Kg6 35.Rc3 e5
36.Rg3+ Kh7 37.Rf1 Rg6 38.Rff3 Rc2 39.Rxg6 Qd1+ 40.Kh2 Qxf3 41.Rg4 h5 42.Qa4 Qe2
43.Rg5 Rxc5 44.Qa7 Qf2 45.Rxh5+ Kg6 46.Rf5 Qxf5 47.Qxc5 Qf4+ 48.Kg1 e4 49.Qc2 f5
50.a4 e3 51.a5 Qe5 52.Qe2 f4 53.a6 Kf6 54.a7 Qa1+ 55.Qf1 Qxa7 56.Qxf4+ Ke6
57.Qe4+ Kd6 58.Kh2 Qc5 59.Kg3 Qe5+ 60.Qxe5+ Kxe5 61.Kf3 Kd4 62.Ke2 Ke4 63.h4 Kd4
64.h5 Ke4 65.Kd1 Ke5  1/2-1/2

[Event "3rd HD Bank Cup 2013"]
[Site "Ho Chi Minh City VIE"]
[Date "2013.03.23"]
[Round "7.19"]
[White "Wang Jue"]
[Black "Duong The Anh"]
[Result "1/2-1/2"]
[WhiteElo "2390"]
[BlackElo "2359"]

1.e4 c5 2.Nf3 d6 3.d4 cxd4 4.Nxd4 Nf6 5.Nc3 a6 6.Be3 e5 7.Nb3 Be6 8.h3 Be7
9.Qf3 Nbd7 10.g4 Nb6 11.O-O-O Nfd7 12.Kb1 Rc8 13.Nd5 Nc4 14.Bd3 Ndb6 15.Bxb6 Nxb6
16.Nd2 Rc5 17.c4 Bg5 18.Nb3 Rc8 19.Qe2 Nd7 20.Qe1 O-O 21.f3 Bh4 22.Qb4 Bxd5
23.exd5 Qb6 24.Qxb6 Nxb6 25.c5 dxc5 26.Bf5 Rcd8 27.Nxc5 Bf2 28.Nxb7 Rxd5
29.Be4 Rd4 30.Rxd4 Bxd4 31.Rc1 g6 32.Bd3 Ra8 33.Rc7 a5 34.Nd6 Rf8 35.Bb5 Nd5
36.Rb7 Ne3 37.Be8 f5 38.Bf7+ Kh8 39.Bb3 fxg4 40.hxg4 Rxf3 41.Nf7+ Rxf7 42.Rxf7 Nxg4
43.Bd5 Ne3 44.Be4 Nc4 45.Bc2 Nxb2 46.Rc7 Kg8 47.Kc1 h6 48.Rd7 Bc3 49.Rb7 g5
50.Rxb2 Bxb2+ 51.Kxb2 g4 52.Kc3 Kf7 53.Kd3 Kf6 54.Ke3 h5 55.Be4  1/2-1/2

[Event "Nis Open 2013"]
[Site "Nis SRB"]
[Date "2013.03.23"]
[Round "4.16"]
[White "Krstic,Aca"]
[Black "Nikic,Dragan"]
[Result "1-0"]
[WhiteElo "1946"]
[BlackElo "1870"]

1.e4 c5 2.Nf3 d6 3.d4 cxd4 4.Nxd4 Nf6 5.Nc3 a6 6.Be3 Qc7 7.Bd3 Nbd7 8.O-O b5
9.f3 Bb7 10.a4 b4 11.Na2 a5 12.c3 bxc3 13.Nxc3 Rc8 14.Ndb5 Qb8 15.Na7 Rd8
16.Bb5 e6 17.g4 Be7 18.g5 Nh5 19.f4 g6 20.Nc6 Bxc6 21.Bxc6 Ng7 22.Nb5 O-O
23.Ba7 Qc8 24.Bxd7 Rxd7 25.Qe2 d5 26.Kg2 dxe4 27.Qxe4 Rd2+ 28.Rf2 Rxf2+ 29.Bxf2 Rd8
30.Bd4 Qc4 31.Qe5 Qd5+ 32.Qxd5 Rxd5 33.Rc1 Nf5 34.Rc8+ Rd8 35.Rxd8+ Bxd8
36.Bc3 Ne3+ 37.Kf3 Nd5 38.Bd2 Bb6 39.Ke4 Kf8 40.Nd6 Bc7 41.Nc4 Nb4 42.Bxb4+ axb4
43.a5 Ke7 44.a6 Bb8 45.Ne5 Kd6 46.Nxf7+ Kc6 47.Nd8+ Kb6 48.a7 Bxa7 49.Nxe6 Kb5
50.b3 Bb8 51.Nf8 Kc5 52.Nxh7 Bxf4 53.Kxf4 Kd4 54.Nf6  1-0

[Event "44th Marcel Duchamp"]
[Site "Buenos Aires ARG"]
[Date "2013.03.24"]
[Round "2.33"]
[White "Judewicz,Alejandro"]
[Black "Zuriel,M"]
[Result "1-0"]
[WhiteElo "1987"]
[BlackElo "2212"]

1.e4 c5 2.Nf3 d6 3.d4 cxd4 4.Nxd4 Nf6 5.Nc3 a6 6.Be3 e6 7.a4 Nc6 8.Be2 Be7
9.O-O O-O 10.f4 Qc7 11.Qe1 Nxd4 12.Bxd4 e5 13.fxe5 dxe5 14.Qg3 Bc5 15.Bxc5 Qxc5+
16.Kh1 Ne8 17.Nd5 f6 18.b4 Qxc2 19.Bd3 Qd2 20.Rf2 Qh6 21.Qxe5 Bg4 22.Bc4 Kh8
23.Qe7 g5 24.Ne3 Bc8 25.Rd1 Qg7 26.Qc5 Nc7 27.Rd6 b5 28.Ba2 Rb8 29.Rfxf6 Re8
30.e5 Na8 31.Qd4 Bb7 32.Rd7 Re7 33.Rd8+ Re8 34.Rd7 Re7 35.e6 Rxd7 36.exd7 Rd8
37.Nf5  1-0

[Event "44th Marcel Duchamp"]
[Site "Buenos Aires ARG"]
[Date "2013.03.24"]
[Round "2.19"]
[White "Pichot,A"]
[Black "Ordenes Segovia,S"]
[Result "1-0"]
[WhiteElo "2327"]
[BlackElo "2031"]

1.e4 c5 2.Nf3 d6 3.d4 cxd4 4.Nxd4 Nf6 5.Nc3 a6 6.Be3 e5 7.Nb3 Be6 8.h3 Qc7
9.g4 b5 10.Bg2 Be7 11.f4 b4 12.Nd5 Bxd5 13.exd5 exf4 14.Bxf4 O-O 15.Nd4 Re8
16.O-O Qc5 17.Kh1 Bf8 18.a3 Nbd7 19.g5 Ne4 20.Qd3 f5 21.Ne6 Nf2+ 22.Rxf2 Qxf2
23.Rf1 Qa7 24.Qxf5 Ne5 25.Bxe5 dxe5 26.g6 Bd6 27.gxh7+ Kh8 28.Qg6 Qe7 29.Rf7 Qh4
30.Qxg7+  1-0